000 00960nam a2200313 i 4500
003 EG-GICUC
005 20260121101452.0
008 251211s1957 us b|||fry||| 001 0 eng d
040 _aEG-GiCUC
_beng
_cEG-GiCUC
_dEG-GiCUC
_erda
041 0 _aeng
082 0 4 _221
_a341.23
_bUN . Y
092 0 4 _221
099 _aLaw1 REF 11 341.23 UN . Y 1957
110 2 _aUnited Nations
130 0 _aUnited Nations
245 1 0 _aYearbook of the United Nations 1956/
_cBy United Nations .
264 1 _aNew York :
_bUnited Nations,
_c1957.
300 _a589 pages :
_bMaps ;
_c26 cm.
336 _2rda content
_atext
337 _2rda media
_aComputer
338 _2rda carrier
_aOnline Resource
504 _aInclude Bibliographic references
546 _aText in English
650 0 4 _aPublic international law
_2qrmak
651 1 _2qrmak
856 4 0 _uhttps://fll.law.cu.edu.eg/fulltext/bks/B11-05063.pdf
905 _a75
_eHassnaa
942 _2ddc
_cREF
_e21
_n0
999 _c49807
_d49807